000
00303nam a22001337a 4500
020
_a
817826165-0
082
_a
823
_b
ROH/A
100
_a
ROHAN BOOK COMPANY
245
_a
ARABIAN NIGHTS
260
_a
DELHI
_b
ROHAN BOOK COMPANY
_c
2003
300
_a
189
650
_a
MODERN ILLUSTRATED CLASSICS
942
_c
BK
999
_c
395
_d
395